<?xml version="1.0" encoding="UTF-8"?>
<marc:record xmlns:marc="http://www.loc.gov/MARC21/slim">
   <marc:leader>00000nam a2200000 a 4500</marc:leader>
   <marc:datafield ind1="1" ind2=" " tag="100">
      <marc:subfield code="a">Jónasson, Ragnar</marc:subfield>
      <marc:subfield code="4">aut</marc:subfield>
      <marc:subfield code="e">Verfasser/-in</marc:subfield>
   </marc:datafield>
   <marc:datafield ind1=" " ind2=" " tag="653">
      <marc:subfield code="a">Krimis, Thriller, Spionage</marc:subfield>
   </marc:datafield>
   <marc:datafield ind1="0" ind2="0" tag="245">
      <marc:subfield code="a">FROST</marc:subfield>
   </marc:datafield>
   <marc:datafield ind1="0" ind2="0" tag="245">
      <marc:subfield code="b">Thriller - Hulda-Helgi-Serie</marc:subfield>
   </marc:datafield>
   <marc:datafield ind1="0" ind2="0" tag="245">
      <marc:subfield code="c">Jónasson, Ragnar</marc:subfield>
   </marc:datafield>
   <marc:datafield ind1=" " ind2="1" tag="264">
      <marc:subfield code="a">München</marc:subfield>
      <marc:subfield code="b">btb</marc:subfield>
      <marc:subfield code="c">2021</marc:subfield>
   </marc:datafield>
   <marc:datafield ind1=" " ind2=" " tag="250">
      <marc:subfield code="a">Deutsche Erstausgabe</marc:subfield>
   </marc:datafield>
   <marc:datafield ind1="1" ind2=" " tag="520">
      <marc:subfield code="a">Angaben aus der Verlagsmeldung 

 

  FROST : Thriller - Hulda-Helgi-Serie Hvítidauði / von Ragnar Jónasson 

 
Ein altes Sanatorium. Ein entschlossener Ermittler. Ein ungelöstes Rätsel: Die Fortsetzung der großen HULDA-Trilogie von Ragnar Jónasson, in der der junge Kommissar Helgi in den Fokus rückt - jener junge Mann, für den Kommissarin Hulda Hermannsdóttir in »DUNKEL« ihren Schreibtisch räumen musste. Helgi untersucht eines der größten Rätsel der isländischen Kriminalgeschichte, einen Cold Case: die Todesfälle im Tuberkulose-Sanatorium. 1983 waren dort, im eisigen Norden Islands, eine Krankenschwester und der Chefarzt umgekommen. Was ist 1983 wirklich geschehen? Und wurde die damalige Ermittlerin Hulda zum Schweigen gebracht?</marc:subfield>
   </marc:datafield>
   <marc:datafield ind1=" " ind2=" " tag="020">
      <marc:subfield code="a">9783442759316</marc:subfield>
      <marc:subfield code="9">9783442759316</marc:subfield>
   </marc:datafield>
   <marc:datafield ind1=" " ind2=" " tag="020">
      <marc:subfield code="a">3442759315</marc:subfield>
      <marc:subfield code="9">3442759315</marc:subfield>
   </marc:datafield>
   <marc:datafield ind1=" " ind2=" " tag="041">
      <marc:subfield code="a">ger</marc:subfield>
   </marc:datafield>
   <marc:datafield ind1=" " ind2=" " tag="338">
      <marc:subfield code="a">Band</marc:subfield>
   </marc:datafield>
   <marc:datafield ind1=" " ind2=" " tag="300">
      <marc:subfield code="a">304 Seiten</marc:subfield>
   </marc:datafield>
</marc:record>
